Score 0/75 Timer 13:00
0 Plays Today
Season Character % Correct
1Yugi Mutou
99.3%
2Yugi Mutou
99.3%
3Yugi Mutou
99.3%
4Yugi Mutou
99.3%
5Yugi Mutou
99.3%
1Joey Wheeler
96.4%
2Joey Wheeler
96.4%
3Joey Wheeler
96.4%
4Joey Wheeler
96.4%
5Joey Wheeler
96.4%
1Seto Kaiba
95.1%
2Seto Kaiba
95.1%
3Seto Kaiba
95.1%
4Seto Kaiba
95.1%
5Seto Kaiba
95.1%
1Téa Gardner
88.9%
2Téa Gardner
88.9%
3Téa Gardner
88.9%
4Téa Gardner
88.9%
5Téa Gardner
88.9%
1Tristan Taylor
87.7%
2Tristan Taylor
87.7%
3Tristan Taylor
87.7%
4Tristan Taylor
87.7%
5Tristan Taylor
87.7%
1Mai Valentine
85.4%
1Mokuba Kaiba
84.2%
2Mokuba Kaiba
84.2%
3Mokuba Kaiba
84.2%
4Mokuba Kaiba
84.2%
5Mokuba Kaiba
84.2%
1Maximillion Pegasus
83%
1Yami Yugi
82.6%
2Yami Yugi
82.6%
3Yami Yugi
82.6%
4Yami Yugi
82.6%
5Yami Yugi
82.6%
2Marik Ishtar
80.9%
Season Character % Correct
2Marik Ishtar
80.9%
Marik Ishtar
80.9%
1Rex Raptor
78.1%
2Ryou Bakura
76.9%
1Ryou Bakura
76.9%
1Weevil Underwood
74.1%
5Solomon Mutou
67.9%
2Ishizu Ishtar
63.2%
2Odion Ishtar
57.7%
3Duke Devlin
56.3%
4Duke Devlin
56.3%
5Duke Devlin
56.3%
3Noah Kaiba
54.3%
4Dartz
53.5%
1Bandit Keith
52.8%
2Serenity Wheeler
51.4%
4Rebecca Hawkins
47.6%
5Rebecca Hawkins
47.6%
4Raphael
44.7%
4Alister
41.2%
4Valon
40.1%
1Mako Tsunami
39.9%
3Gozaburo Kaiba
37%
1Bonz
35.6%
1Panik
34.1%
2Espa Roba
31.1%
3Johnson
30.3%
3Crump
30.2%
3Gansley
29.1%
5Leon von Schroeder
26.3%
3Nesbitt
24.5%
5Zigfried von Schroeder
24.5%
3Lector
23.5%
2Arcana
20.2%
5Vivian Wong
15%
4Dark Magician Girl
14.9%
3Serenity Wheeler
11.4%
Remove Ads.
Support Sporcle.
Get the best of Sporcle when you Go Orange. This ad-free experience offers more features, more stats, and more fun while also helping to support Sporcle. Thank you for becoming a member.

You're not logged in!

Compare scores with friends on all Sporcle quizzes.
OR
Log In

Show Comments

Extras

Top Quizzes Today


Score Distribution

Your Account Isn't Verified!

In order to create a playlist on Sporcle, you need to verify the email address you used during registration. Go to your Sporcle Settings to finish the process.

Report this User

Report this user for behavior that violates our Community Guidelines.

Details: